[Event "Politiken Cup"]
[Site "Copenhagen DEN"]
[Date "2010.08.02"]
[Round "4"]
[White "Hansen,Mads3"]
[Black "Lundberg,R"]
[Result "1-0"]
[WhiteElo "2165"]
[BlackElo "2006"]

1.e4 g6 2.d4 Bg7 3.Nc3 a6 4.f4 b5 5.Nf3 Bb7 6.Bd3 Nc6 7.Be3 Nf6 8.d5 Nb4
9.Be2 a5 10.O-O c6 11.Bd4 O-O 12.a3 Na6 13.e5 Ne8 14.Qd2 d6 15.dxc6 Bxc6
16.Bxb5 Bxf3 17.Rxf3 dxe5 18.fxe5 Bxe5 19.Be3 Qxd2 20.Bxd2 Nd6 21.Bf1 Rfb8
22.Rb1 Nc5 23.b4 Nce4 24.Nxe4 Nxe4 25.Be1 Ra7 26.g3 Rc7 27.c4 Nd6 28.c5 Ne4
29.Rc1 axb4 30.axb4 Ra8 31.Bc4 e6 32.Kg2 Ng5 33.Rd3 Bf6 34.h4 Ne4 35.Kf3 Nxc5
36.bxc5 Rxc5 37.Bf2 Rc6 38.Bd5 Rxc1 39.Bxa8 Rc3 40.Be4 Rxd3+ 41.Bxd3 h5 42.Be3 Bc3
43.Kf4 e5+ 44.Kf3 Kg7 45.Bc4 Bb4 46.Bb6 Be1 47.Bd8 f6 48.Bb6 Bb4 49.Bf2 Bd2
50.Bb5 Bb4 51.Be8 Bc3 52.Ke4 Bd2 53.Kd5 Bb4 54.Ke6 Bd2 55.Bc5 e4 56.Bd4 e3
57.Bb5 Be1 58.Bxf6+ Kh7 59.Be5 g5 60.hxg5 h4 61.Bd3+ Kg8 62.gxh4 Bxh4 63.Bf4 Bxg5
64.Bxg5 Kf8 65.Bxe3 Ke8 66.Bg5 Kf8 67.Bf6 Kg8 68.Kf5 Kf7 69.Bb5 Kg8 70.Kg6 Kf8
71.Bd8 Kg8 72.Be7 Kh8 73.Bc6  1-0

[Event "Politiken Cup"]
[Site "Copenhagen DEN"]
[Date "2010.08.06"]
[Round "8"]
[White "Schou Moldt,T"]
[Black "Lundberg,R"]
[Result "1-0"]
[WhiteElo "2183"]
[BlackElo "2006"]

1.e4 g6 2.d4 Bg7 3.Nc3 a6 4.a4 d6 5.Be3 Nf6 6.Be2 O-O 7.h4 h5 8.f3 Bd7 9.Qd2 e5
10.d5 Qc8 11.O-O-O b5 12.a5 b4 13.Nb1 c5 14.Bh6 Qd8 15.Nh3 Qxa5 16.Bxg7 Kxg7
17.Nf2 Bb5 18.g4 Bxe2 19.Qxe2 Nbd7 20.Rdg1 Qb6 21.Nd2 a5 22.Nc4 Qb8 23.f4 Rh8
24.f5 Nf8 25.Ne3 a4 26.Nc4 hxg4 27.Nxg4 Nh5 28.f6+ Nxf6 29.Nxf6 Kxf6 30.Rf1+ Kg7
31.Qf3 Ra7 32.Qf6+ Kg8 33.Rhg1 Nh7 34.Rxg6+  1-0

[Event "IM2 Ceska pojistovna Cup"]
[Site "Olomouc CZE"]
[Date "2010.08.07"]
[Round "4"]
[White "Havlikova,K"]
[Black "Musaev,Ra"]
[Result "1-0"]
[WhiteElo "2299"]
[BlackElo "2181"]

1.e4 g6 2.d4 Bg7 3.Nc3 a6 4.f4 b5 5.Nf3 b4 6.Na4 d5 7.e5 e6 8.Bd2 a5 9.a3 bxa3
10.Rxa3 Nd7 11.Bd3 Ne7 12.Qe2 Bb7 13.O-O Nf5 14.Rfa1 Qe7 15.Nc3 O-O 16.Rxa5 c5
17.Bxf5 gxf5 18.Qb5 cxd4 19.Nxd4 Rxa5 20.Rxa5 Ra8 21.Na4 Rxa5 22.Bxa5 Nf8
23.Bb4 Qd7 24.Nc5 Qxb5 25.Nxb5 Bc6 26.Nd4 Be8 27.Kf2 f6 28.Ndxe6 Nxe6 29.Nxe6 fxe5
30.Nxg7 Kxg7 31.fxe5 Kf7 32.Ke3 Ke6 33.Kd4 Bb5 34.g3 Be2 35.Bd6 Bd1 36.Kd3 Bf3
37.c3 Be4+ 38.Kd4 Bg2 39.Kc5 Bf1 40.b4 h5 41.b5 Kd7 42.b6 Ba6 43.Kxd5 Bb7+
44.Kd4 f4 45.gxf4 Ke6 46.c4 Kf5 47.Kc5 Ke6 48.Kb5 h4 49.c5 Kd7 50.f5  1-0

[Event "14th HZ Open"]
[Site "Vlissingen NED"]
[Date "2010.08.07"]
[Round "1"]
[White "Fuchs,Ju"]
[Black "Peeters,Bar"]
[Result "1-0"]
[WhiteElo "2232"]
[BlackElo "1838"]

1.e4 g6 2.d4 Bg7 3.Nc3 c5 4.Nf3 cxd4 5.Nxd4 Nc6 6.Be3 Nf6 7.Bc4 Qa5 8.O-O O-O
9.Bb3 d6 10.h3 Bd7 11.Re1 Rac8 12.f4 Nxd4 13.Bxd4 e5 14.fxe5 dxe5 15.Bf2 Bc6
16.Qf3 Nd7 17.Kh1 Qd8 18.Rad1 b6 19.Rf1 Qe7 20.Qg4 Nc5 21.Bxc5 bxc5 22.Rxf7  1-0

[Event "14th HZ Open"]
[Site "Vlissingen NED"]
[Date "2010.08.09"]
[Round "4"]
[White "Michalczak,T"]
[Black "Kuling,L"]
[Result "1-0"]
[WhiteElo "2367"]
[BlackElo "2208"]

1.e4 g6 2.d4 Bg7 3.Nc3 c5 4.d5 d6 5.Nf3 Nf6 6.Be2 O-O 7.O-O e6 8.dxe6 Bxe6
9.Ng5 Nc6 10.Nxe6 fxe6 11.Bg5 Qd7 12.Re1 a6 13.a4 Qf7 14.Qxd6 Nd4 15.Rac1 Nd7
16.Qg3 h6 17.Be3 g5 18.Qh3 Rac8 19.Bh5 Qf6 20.Nd5 exd5 21.Qxd7 dxe4 22.Qxb7 Qf5
23.Qxa6 Rc6 24.Qc4+ Kh8 25.h3 Be5 26.Bg4 Qg6 27.c3 Nf5 28.Qxe4 Nxe3 29.Qxe5+  1-0

[Event "GM2 Prima Pack Cup"]
[Site "Olomouc CZE"]
[Date "2010.08.11"]
[Round "8"]
[White "Talla,V"]
[Black "Chernyshov,K"]
[Result "1/2-1/2"]
[WhiteElo "2476"]
[BlackElo "2578"]

1.e4 g6 2.d4 Bg7 3.Nc3 a6 4.f4 b5 5.Nf3 b4 6.Nb1 Bb7 7.Bd3 c5 8.d5 e6 9.dxe6 dxe6
10.Nbd2 Ne7 11.O-O O-O 12.Nc4 Nbc6 13.Qe2 Qc7 14.a3 a5 15.axb4 axb4 16.Bd2 Na5
17.e5 Nxc4 18.Bxc4 Nd5 19.Bd3 Rfd8  1/2-1/2

[Event "Troya Open"]
[Site "Canakkale TUR"]
[Date "2010.08.12"]
[Round "6"]
[White "Keler,F"]
[Black "Celiker,Y"]
[Result "0-1"]
[WhiteElo "2236"]
[BlackElo "2092"]

1.e4 g6 2.d4 Bg7 3.Nc3 c5 4.Nf3 cxd4 5.Nxd4 Nc6 6.Be3 d6 7.Qd2 Nf6 8.f3 Bd7
9.O-O-O Rc8 10.g4 h5 11.g5 Nh7 12.Nxc6 Bxc6 13.f4 Qa5 14.Bd4 e5 15.fxe5 dxe5
16.Be3 O-O 17.Kb1 Rfe8 18.Nd5 Qxd2 19.Rxd2 f5 20.Bh3 f4 21.Bc5 Bxd5 22.Rxd5 Rxc5
23.Rxc5 Nxg5 24.Rc8 Rxc8 25.Bxc8 Nxe4 26.Bxb7 Nf6 27.Re1 Ng4 28.h3 Ne3 29.Rg1 Kf7
30.Be4 Nf5 31.b4 Ng3 32.Bd5+ Kf6 33.c4 Bf8 34.a3 e4 35.Kc2 g5 36.c5 Ke5 37.Rd1 Nf5
38.Kd2 Kxd5 39.Kc3+ Kc6 40.Rd8 Be7 41.Rc8+ Kb7 42.Re8 f3 43.Kd2 f2 44.Ke2 e3  0-1

[Event "49th WJun"]
[Site "Chotowa POL"]
[Date "2010.08.13"]
[Round "10"]
[White "Smola,M"]
[Black "Fernandez,Dan SIN"]
[Result "0-1"]
[WhiteElo "2220"]
[BlackElo "2401"]

1.e4 g6 2.d4 Bg7 3.Nc3 a6 4.a4 d6 5.Bc4 e6 6.f4 Ne7 7.Nf3 d5 8.Bb3 dxe4 9.Nxe4 Nf5
10.c3 Nc6 11.O-O O-O 12.Ne5 Nce7 13.Qe2 Nd6 14.Nxd6 cxd6 15.Nc4 d5 16.Ne5 Nf5
17.Bc2 f6 18.Nf3 Nd6 19.h4 Bd7 20.Ne1 Qe8 21.b3 e5 22.Ba3 Qe6 23.fxe5 fxe5
24.Nd3 Rxf1+ 25.Rxf1 Ne4 26.Nc5 Nxc5 27.dxc5 Bc6 28.c4 dxc4 29.bxc4 e4 30.Bc1 Bf8
31.Be3 Qe5 32.Qf2 Be7 33.Qf7+ Kh8 34.Qf2 Rd8 35.h5 Qxh5 36.Bd4+ Rxd4 37.Qxd4+ Kg8
38.Rf2 Qxc5 39.Qc3 Bh4 40.g3 Bd8 41.a5 Qxa5 42.Qd4 Qg5 43.Bxe4 Qxg3+ 44.Kf1 Qh3+
45.Kg1 Qg4+ 46.Kf1 Qxe4 47.Qxd8+ Qe8 48.Qf6 a5 49.Rd2 Qf7 50.Rd8+ Be8 51.Qxf7+ Kxf7
52.Kf2 Bc6 53.Ke3 Ke6 54.Kf4 h6 55.Rh8 Kd6 56.Rxh6 Kc5 57.Rxg6 Kxc4 58.Ke3 Kc3
59.Rg5 a4 60.Rc5+ Kb2 61.Kd2 a3 62.Rc2+ Kb3 63.Rc3+ Kb4 64.Rc1 Ba4 65.Rc7 a2  0-1

[Event "Pan-Armenian Olym"]
[Site "Yerevan ARM"]
[Date "2010.08.21"]
[Round "7"]
[White "Arutyunova,D"]
[Black "Ajrapetjan,Y"]
[Result "0-1"]
[WhiteElo "2270"]
[BlackElo "2495"]

1.e4 g6 2.d4 Bg7 3.Nc3 c5 4.Nf3 Qa5 5.Bd2 cxd4 6.Nd5 Qd8 7.Bg5 Nc6 8.Bh4 d6
9.Bb5 Qa5+ 10.b4 Qd8 11.Nxd4 Bd7 12.c3 Nxd4 13.Bxd7+ Qxd7 14.cxd4 e6 15.Nc3 Ne7
16.Qd2 O-O 17.O-O Rfc8 18.Rac1 Rc4 19.Nb5 Qxb5 20.Rxc4 Qxc4 21.Rc1 Qxd4 22.Qxd4 Bxd4
23.Bxe7 d5 24.exd5 exd5 25.g3 Be5 26.f4 Re8 27.fxe5 Rxe7 28.Rc5 Rxe5 29.Kf2 Kf8
30.Rc7 Re7 31.Rc8+ Kg7 32.Rc5 d4 33.a4 d3 34.Rd5 Re4 35.Rxd3 Rxb4 36.Rd7 Rxa4
37.Rxb7 Ra2+ 38.Kf3 Rxh2 39.Rxa7 h5 40.Rb7 h4 41.g4 g5  0-1

[Event "PK NBSB"]
[Site "Roosendaal NED"]
[Date "2010.08.27"]
[Round "1"]
[White "Faber,H NED"]
[Black "Haast,M"]
[Result "1-0"]
[WhiteElo "2059"]
[BlackElo "2194"]

1.e4 g6 2.d4 Bg7 3.Nc3 d5 4.exd5 Nf6 5.Bc4 Nbd7 6.Nge2 Nb6 7.Bb3 a5 8.a3 a4
9.Ba2 Nbxd5 10.Nxd5 Nxd5 11.c4 Nf6 12.h3 O-O 13.Be3 c6 14.O-O b5 15.Nc3 Qa5
16.Qf3 Be6 17.d5 cxd5 18.cxd5 Bf5 19.Bc5 Rfe8 20.Rfe1 Qc7 21.Bb4 Qb7 22.g4 Bc8
23.Re2 e5 24.dxe6 fxe6 25.Bxe6+ Kh8 26.Bd5  1-0

[Event "Open"]
[Site "Baku AZE"]
[Date "2010.08.28"]
[Round "6"]
[White "Toufighi,H"]
[Black "Aleskerov,F"]
[Result "0-1"]
[WhiteElo "2501"]
[BlackElo "2289"]

1.e4 g6 2.d4 Bg7 3.Nc3 d5 4.exd5 Nf6 5.Bc4 Nbd7 6.Qf3 Nb6 7.Bb5+ Bd7 8.d6 c6
9.dxe7 Qxe7+ 10.Be2 Bf5 11.h4 O-O-O 12.h5 h6 13.Be3 Qb4 14.O-O-O Na4 15.Nxa4 Qxa4
16.Rd3 Bxd3 17.Bxd3 Qxa2 18.hxg6 fxg6 19.Qh3+ Kb8 20.Qg3+ Ka8 21.Qxg6 Qa1+
22.Kd2 Rhg8 23.g3 Nd5 24.Qh5 Qxb2 25.Ne2 Qb4+ 26.Kc1 c5 27.Rh4 c4 28.Be4 Qe1+
29.Kb2 c3+ 30.Ka2 Nb4+ 31.Ka3 Qb1 32.Ka4 Nxc2 33.Bxb7+ Qxb7  0-1

[Event "PK NBSB"]
[Site "Roosendaal NED"]
[Date "2010.08.28"]
[Round "4"]
[White "Faber,H NED"]
[Black "Colijn,S"]
[Result "1-0"]
[WhiteElo "2059"]
[BlackElo "2174"]

1.e4 g6 2.d4 Bg7 3.Nc3 c5 4.dxc5 Qa5 5.Bd2 Qxc5 6.Nd5 Na6 7.Nf3 e6 8.Nc3 Ne7
9.a3 O-O 10.b4 Qb6 11.Bd3 f5 12.e5 d5 13.O-O Bd7 14.Rb1 Rac8 15.a4 h6 16.h4 Nb8
17.b5 Qd8 18.Ne2 a5 19.Nf4 b6 20.Re1 Qe8 21.Bc1 Qf7 22.Be3 g5 23.hxg5 Ng6
24.Nh5 Nxe5 25.Nxg7 Nxf3+ 26.Qxf3 Qxg7 27.gxh6 Qf6 28.Bf4 Kh7 29.Qe3 Rce8
30.Qxb6 Rg8 31.Re3 Qh4 32.Bxb8 Rxb8 33.Qc7 Rbd8 34.Rxe6 Rxg2+ 35.Kxg2 Qg4+
36.Kf1 Qh3+ 37.Ke2 Qg4+ 38.Kd2 Qg5+ 39.f4 Qg2+ 40.Re2 Qg3 41.Bxf5+ Kxh6 42.Qd6+  1-0

[Event "6th Open"]
[Site "Dieppe FRA"]
[Date "2010.08.29"]
[Round "9"]
[White "Tirard,H"]
[Black "Jeanne,M"]
[Result "1-0"]
[WhiteElo "2443"]
[BlackElo "2174"]

1.e4 g6 2.d4 Bg7 3.Nc3 c5 4.Nf3 cxd4 5.Nxd4 Nc6 6.Be3 Nf6 7.Bc4 O-O 8.Bb3 d6
9.h3 Na5 10.O-O b6 11.Re1 Nxb3 12.axb3 Bb7 13.Bg5 h6 14.Bh4 Qd7 15.Qd2 Nh5
16.Rad1 g5 17.Bxg5 hxg5 18.Qxg5 Nf6 19.Nf5 Ne8 20.Re3 f6 21.Qg6 e6 22.Nh6+ Kh8
23.Rg3 f5 24.e5 Nc7 25.Rxd6 Qe7 26.Qh5  1-0

[Event "6th Geller Memorial Open A"]
[Site "Odessa UKR"]
[Date "2010.08.29"]
[Round "9"]
[White "Fingerov,D"]
[Black "Rakhmangulov,A"]
[Result "0-1"]
[WhiteElo "2405"]
[BlackElo "2394"]

1.e4 g6 2.d4 Bg7 3.Nc3 d5 4.e5 c5 5.dxc5 d4 6.Nb5 Nc6 7.Bg5 h6 8.Nd6+ Kf8
9.Bh4 g5 10.Nxc8 gxh4 11.Nxe7 Ngxe7 12.f4 Qa5+ 13.Qd2 Qxc5 14.Nf3 Nf5 15.Bd3 Ne3
16.Nxh4 h5 17.Ke2 Bh6 18.g3 Nxe5 19.fxe5 Ng2 20.Qd1 Nxh4 21.gxh4 Qxe5+ 22.Kf2 Qe3+
23.Kf1 Qf4+  0-1

[Event "Open"]
[Site "Baku AZE"]
[Date "2010.08.31"]
[Round "9"]
[White "Pirverdiyev,A"]
[Black "Aleskerov,F"]
[Result "0-1"]
[WhiteElo "2090"]
[BlackElo "2289"]

1.e4 g6 2.d4 Bg7 3.Nc3 d5 4.Nxd5 c6 5.Ne3 Qxd4 6.Qxd4 Bxd4 7.Bd3 Nd7 8.c3 Bg7
9.Ne2 b6 10.Nd4 Bb7 11.O-O O-O-O 12.Nf3 Nc5 13.Bc4 e6 14.Ng5 Rd7 15.b4 Na4
16.Nxf7 Rxf7 17.Bxe6+ Rd7 18.Rd1 Nf6 19.e5 Nd5 20.Nxd5 cxd5 21.Bf4 Re8 22.Bh3 Kd8
23.Bg5+ Kc7 24.Bxd7 Kxd7 25.f4 Nxc3 26.Rd3 Rc8 27.Re1 Ke6 28.g4 Ba6 29.Rh3 Ne2+
30.Kf2 h6 31.Bxh6 Rh8 32.f5+ gxf5 33.gxf5+ Kxf5 34.Rf3+ Ke6 35.Ra3 Rxh6 36.Rxa6 Rxh2+
37.Kf3 Nd4+ 38.Kg4 Bxe5 39.Rxa7 Rg2+ 40.Kh5 Kf6 41.Rb7 Rg5+ 42.Kh6 Nf5+ 43.Kh7 Rh5+  0-1

[Event "ch-RUS Higher League w"]
[Site "St Petersburg RUS"]
[Date "2010.08.31"]
[Round "6"]
[White "Stepovaia,T"]
[Black "Fominykh,M"]
[Result "1/2-1/2"]
[WhiteElo "2375"]
[BlackElo "2313"]

1.e4 g6 2.d4 Bg7 3.Nc3 c5 4.Nf3 cxd4 5.Nxd4 Nc6 6.Be3 Nf6 7.Nxc6 bxc6 8.e5 Ng8
9.Bd4 Nh6 10.e6 O-O 11.Bxg7 Kxg7 12.Qd4+ f6 13.exd7 Bxd7 14.O-O-O Bf5 15.f3 Qb6
16.Bc4 Rad8 17.Qxb6 axb6 18.g4 Bc8 19.Rhe1 Rxd1+ 20.Rxd1 Nf7 21.Bxf7 Kxf7
22.Na4 b5 23.Nc5 Be6 24.b3 h5 25.h3 Bd5 26.Rd3 Ra8 27.a4 bxa4 28.Nxa4 Ra5
29.Kb2 Ke6 30.Nc3 hxg4 31.hxg4 f5 32.g5 Ke5 33.Ne2 c5 34.c4 Bf7 35.Re3+ Kd6
36.f4 Ra8 37.Nc1 Rh8 38.Nd3 Rh4 39.Kc3 Rh1 40.Ne5 Be8 41.Rd3+ Kc7 42.Rd5 Rh3+
43.Kb2 Rh2+ 44.Ka3 Rf2 45.Rxc5+ Kb7 46.Nd3 Rf3 47.Rd5 Bc6 48.Rd4 Be4 49.Nc5+ Kb6
50.Nxe4 Rxf4 51.Kb4 fxe4 52.c5+ Kc6 53.Kc4 Rf5 54.b4 Re5 55.b5+ Kc7 56.Rd2 e3
57.Re2 e6 58.c6 Kb6 59.Kd4 Rxb5 60.Rxe3 Rd5+ 61.Kc4 Rxg5 62.Rxe6 Rc5+ 63.Kd4 Rxc6
64.Ke4  1/2-1/2

[Event "ch-RUS Higher League"]
[Site "Irkutsk RUS"]
[Date "2010.09.02"]
[Round "7"]
[White "Gabrielian,A"]
[Black "Chernyshov,K"]
[Result "1/2-1/2"]
[WhiteElo "2559"]
[BlackElo "2578"]

1.e4 g6 2.d4 Bg7 3.Nc3 a6 4.Nf3 b5 5.Be2 Bb7 6.O-O d6 7.e5 Qd7 8.a4 b4 9.Na2 Nc6
10.c3 bxc3 11.bxc3 dxe5 12.Rb1 Qc8 13.d5 Nd8 14.c4 e4 15.Ng5 Nf6 16.Nc3 Qf5
17.Qc2 e6 18.Ncxe4 Nxe4 19.Bd3 exd5 20.cxd5 O-O 21.Bxe4 Qe5 22.Nf3 Qd6 23.Qb3 Re8
24.Re1 c5 25.Ba3 Rc8 26.Nd2 Qf4 27.Qd3 Bd4 28.Re2 Rc7 29.g3 Qg4 30.d6 Rd7
31.Bf3 Rxe2 32.Bxg4 Rxf2 33.Qxd4 Rg2+ 34.Kf1 cxd4 35.Rxb7 Nxb7 36.Kxg2 f5
37.Be2 Nxd6 38.Bxa6 Ra7 39.Bd3 Ne4 40.Nxe4 Rxa4 41.Bc5 fxe4 42.Bxe4 Ra2+
43.Kf3 Rxh2 44.Bd5+ Kg7 45.Bxd4+ Kh6 46.Be3+ Kg7 47.Bd4+ Kh6 48.Be3+ Kg7  1/2-1/2

[Event "6th ch-EU"]
[Site "Arvier ITA"]
[Date "2010.09.10"]
[Round "7"]
[White "Brunello,M"]
[Black "Tate,A"]
[Result "1-0"]
[WhiteElo "2212"]
[BlackElo "2234"]

1.e4 g6 2.d4 Bg7 3.Nc3 a6 4.f4 d5 5.e5 Nc6 6.h3 h5 7.Be3 Nh6 8.g3 b5 9.Bg2 e6
10.Nf3 Bb7 11.Bf2 Nf5 12.O-O Bf8 13.Ne2 Na5 14.a4 Nc4 15.Qc1 bxa4 16.Rxa4 a5
17.Ne1 Nb6 18.Ra1 Ba6 19.Nd3 Bxd3 20.cxd3 Bb4 21.Qc2 Ra7 22.Rfc1 Qd7 23.b3 O-O
24.g4 hxg4 25.hxg4 Nh6 26.Bf3 Kg7 27.Be3 Rc8 28.Kf2 Ng8 29.Qd1 a4 30.bxa4 Rxa4
31.Rxa4 Qxa4 32.f5 exf5 33.gxf5 gxf5 34.Qh1 Kf8 35.Qh7 Ke8 36.Bg5 Kd7  1-0

[Event "EYCC Girls U14"]
[Site "Batumi GEO"]
[Date "2010.09.24"]
[Round "6"]
[White "Gogishvili,D"]
[Black "Tantsiura,M"]
[Result "0-1"]
[WhiteElo "1899"]
[BlackElo "2030"]

1.e4 g6 2.d4 Bg7 3.Nc3 a6 4.a4 b6 5.g3 Bb7 6.Bg2 Nf6 7.Nge2 d6 8.O-O c6 9.h3 O-O
10.Be3 Nbd7 11.g4 e5 12.Ng3 b5 13.axb5 cxb5 14.d5 b4 15.Na4 a5 16.Re1 Ba6
17.Bf1 Bxf1 18.Kxf1 Qc7 19.Kg2 Nc5 20.Nxc5 dxc5 21.c4 Ne8 22.Qc2 Nd6 23.g5 f5
24.gxf6 Bxf6 25.b3 Bh4 26.Bh6 Rf6 27.Qd2 Qf7 28.Ra2 Qe7 29.Qc1 Qf7 30.Bg5 Bxg5
31.Qxg5 Qe7 32.Qe3 Nb7 33.Ree2 Raf8 34.Qd2 h5 35.Qc1 Rf4 36.Re3 h4 37.Nh1 Qg5+
38.Kf1 Rxe4 39.Ke2 Rd4 40.Rd2 Nd6 41.Kd1 Qf4 42.Qc2 Rf5 43.Rdd3 Rg5 44.Ke2 Rg1
45.Rxd4 cxd4 46.Rg3 e4 47.Rxg1 d3+  0-1

[Event "39th Olympiad Men"]
[Site "Khanty-Mansiysk RUS"]
[Date "2010.09.24"]
[Round "4"]
[White "Cmilyte,V"]
[Black "Oussedik,Mahfoud"]
[Result "1-0"]
[WhiteElo "2513"]
[BlackElo "2222"]

1.d4 g6 2.e4 Bg7 3.Nc3 c5 4.d5 d6 5.Nf3 Nf6 6.Bb5+ Nbd7 7.a4 O-O 8.O-O a6
9.Be2 Rb8 10.Nd2 Ne8 11.Nc4 Nb6 12.Ne3 e6 13.a5 Nd7 14.Nc4 e5 15.Na4 f5 16.exf5 gxf5
17.f4 e4 18.Be3 Ndf6 19.Nab6 Nc7 20.Qd2 Ng4 21.Bxg4 fxg4 22.Nxc8 Rxc8 23.f5 Nb5
24.c3 Rc7 25.Bg5 Qe8 26.f6 Bh8 27.Ne3 Qh5 28.Nf5 Bxf6 29.Nh6+ Kg7 30.Rf5 Qg6
31.Bxf6+ Rxf6 32.Rg5 Kxh6 33.Rxg4+ Kg7 34.Rxg6+ Kxg6 35.Qc2 Re7 36.Re1 Rf4
37.g3 Rg4 38.Kg2 Kf5 39.Qf2+ Ke5 40.Rf1 Kxd5 41.Qf5+ Kc4 42.Qxg4 d5 43.Qe2+ Kb3
44.Qd1+ Kxb2 45.Rh1  1-0

[Event "39th Olympiad Men"]
[Site "Khanty-Mansiysk RUS"]
[Date "2010.09.25"]
[Round "5"]
[White "Agopov,M"]
[Black "Shoker,S"]
[Result "1-0"]
[WhiteElo "2419"]
[BlackElo "2458"]

1.e4 g6 2.d4 Bg7 3.Nc3 a6 4.Bg5 b5 5.a4 b4 6.Nd5 Bb7 7.Qd2 a5 8.Bc4 c6 9.Ne3 Nf6
10.Bxf6 exf6 11.Ne2 Qe7 12.Ng3 h5 13.O-O Ba6 14.Rfe1 h4 15.Ngf5 gxf5 16.Nxf5 Bh6
17.Nxh6 Bxc4 18.Nf5 Qf8 19.d5 Qc5 20.Qf4 Rg8 21.Qxh4 cxd5 22.b3 d4 23.bxc4 Ra6
24.Rad1 Qxc4 25.Qf4 Rb6 26.Qxb8+  1-0

[Event "39th Olympiad Women"]
[Site "Khanty-Mansiysk RUS"]
[Date "2010.09.25"]
[Round "5"]
[White "Ziaziulkina,N"]
[Black "Lanchava,T"]
[Result "1-0"]
[WhiteElo "2284"]
[BlackElo "2342"]

1.e4 g6 2.d4 Bg7 3.Nc3 Nc6 4.Nf3 d6 5.h3 e5 6.Bg5 f6 7.Be3 Nh6 8.Bc4 Na5
9.Be2 O-O 10.dxe5 dxe5 11.Qxd8 Rxd8 12.Nd5 b6 13.b4 Nc6 14.Bb5 Nd4 15.Nxd4 exd4
16.Bxd4 Be6 17.O-O-O Bxd5 18.exd5 Nf5 19.Bb2 Nd6 20.Bc6 Rab8 21.Rhe1 Kf7
22.Re2 Nc4 23.Bc3 b5 24.f4 Bf8 25.Re6 Rd6 26.Re4 a6 27.Bd4 Rdd8 28.c3 Bd6
29.g3 Nb6 30.Re6 f5 31.Bf6 Rf8 32.Rde1 Nc8 33.Kc2 Rg8 34.R1e2 h6 35.h4 Na7
36.Bd7 Nc8 37.Bd4 Rd8 38.Rf6+ Kg8 39.Be6+  1-0

[Event "39th Olympiad Men"]
[Site "Khanty-Mansiysk RUS"]
[Date "2010.09.28"]
[Round "7"]
[White "Gallagher,Jo"]
[Black "Pornariyasombat,A"]
[Result "1-0"]
[WhiteElo "2517"]
[BlackElo "2181"]

1.e4 g6 2.d4 Bg7 3.Nc3 c5 4.d5 d6 5.Bb5+ Bd7 6.a4 a6 7.Be2 Nf6 8.Nf3 Bg4
9.Nd2 Bxe2 10.Qxe2 O-O 11.O-O e6 12.Nc4 exd5 13.exd5 Re8 14.Qf3 Nbd7 15.Bf4 Ne5
16.Bxe5 dxe5 17.Rad1 Rb8 18.a5 h6 19.Rfe1 Nd7 20.d6 Qf6 21.Qd3 Qh4 22.Nd5 e4
23.Qg3 Qxg3 24.hxg3 f5 25.g4 fxg4 26.Nc7 Rf8 27.Rxe4 Bd4 28.Rdxd4 cxd4 29.Rxg4 g5
30.g3 Rf5 31.Rxd4 Ne5 32.Nxe5 Rxe5 33.c4 Rxa5 34.d7  1-0

[Event "39th Olympiad Women"]
[Site "Khanty-Mansiysk RUS"]
[Date "2010.09.28"]
[Round "7"]
[White "Schut,L"]
[Black "Nguyen Thi Thanh An"]
[Result "1/2-1/2"]
[WhiteElo "2288"]
[BlackElo "2306"]

1.e4 g6 2.d4 Bg7 3.Nc3 c5 4.dxc5 Bxc3+ 5.bxc3 Qa5 6.Qd4 Nf6 7.Qb4 Qc7 8.Nf3 Nc6
9.Qc4 O-O 10.Bd3 d6 11.cxd6 exd6 12.O-O Be6 13.Qa4 Ne5 14.Nd4 Qxc3 15.Bg5 Nfd7
16.Ne2 Qc5 17.Be3 Qc7 18.Qd4 f6 19.h3 Kg7 20.f4 Nc6 21.Qc3 Rac8 22.Qe1 f5
23.Nd4 Nxd4 24.Bxd4+ Kg8 25.exf5 Bxf5 26.Bxf5 Rxf5 27.Qe6+ Rf7 28.c3 Nc5
29.Qe2 Qe7 30.Qxe7 Rxe7 31.f5 Ne4 32.Rae1 d5 33.fxg6 hxg6 34.Rf4 b5 35.Rh4 Rh7
36.Rg4 Rc6 37.a4 bxa4 38.Rb1 g5 39.Rb4 Rh4 40.Rxh4 gxh4 41.Rxa4 a6 42.Ra5 Nxc3
43.Bxc3 Rxc3 44.Rxa6 Kf7 45.Kf2 Ke7 46.Rh6 Rc4 47.Ke3 Kd7 48.Kd3 Re4 49.Rg6 Ke7
50.Rh6 Kd7 51.Rg6 Ke7  1/2-1/2

[Event "39th Olympiad Men"]
[Site "Khanty-Mansiysk RUS"]
[Date "2010.09.30"]
[Round "9"]
[White "Djuraev,S"]
[Black "Shoker,S"]
[Result "1-0"]
[WhiteElo "2397"]
[BlackElo "2458"]

1.e4 g6 2.d4 Bg7 3.Nc3 a6 4.f4 d6 5.Nf3 b5 6.Bd3 Nd7 7.O-O c5 8.e5 cxd4 9.Be4 dxc3
10.Bxa8 Qc7 11.Kh1 dxe5 12.fxe5 Nb6 13.Bd5 Nxd5 14.Qxd5 cxb2 15.Bxb2 Nh6
16.a4 O-O 17.axb5 Qxc2 18.bxa6 Bxa6 19.Rxa6 Qxb2 20.Ra8 Ng4 21.Ng5 e6 22.Nxe6 Qe2
23.Rxf8+ Bxf8 24.Qf3 Qxf3 25.gxf3 Nxe5 26.Nxf8 Kxf8 27.Kg2 Nc4 28.Kg3 Ne3
29.Ra1 Kg7 30.Kf4 Nf5 31.Ra6 h5 32.Ke5 Nh4 33.Ra3 Nf5 34.Ra4 Ne3 35.Rb4 Nf5
36.Re4 Nh6 37.Rf4 Ng8 38.Kd6 Nh6 39.Kd7 Ng8 40.Kd8 Nh6 41.Kd7 Ng8 42.Kd6 Nh6
43.Ke5 Ng8 44.Ra4 Nh6 45.Kf4 Nf5 46.Kg5 Ne3 47.Ra5 Ng2 48.Ra7 Ne1 49.Kf4 Nd3+
50.Ke3 Ne5 51.Ke4 Nc6 52.Rd7 Kf8 53.f4 Ke8 54.Rc7 Ne7 55.Ke5 Nf5 56.Kf6 Nd6
57.Ra7 Ne4+ 58.Kg7 Nd6 59.Ra6 Nb5 60.Rf6  1-0

[Event "39th Olympiad Men"]
[Site "Khanty-Mansiysk RUS"]
[Date "2010.10.01"]
[Round "10"]
[White "Smerdon,D"]
[Black "Fernandez,Dan SIN"]
[Result "1-0"]
[WhiteElo "2526"]
[BlackElo "2371"]

1.e4 g6 2.d4 Bg7 3.Nc3 a6 4.f4 b5 5.Nf3 Bb7 6.Bd3 d6 7.Be3 Nd7 8.e5 Nh6 9.Qe2 e6
10.a4 b4 11.Ne4 Nf5 12.Bf2 h5 13.O-O a5 14.h3 Nb6 15.Neg5 Nd5 16.Bxf5 Ba6
17.Bd3 Nxf4 18.Bb5+ Kf8 19.Qe4 Nd5 20.Bh4 Qc8 21.Nd2 Bxb5 22.Rxf7+  1-0

[Event "9th Sparkassen Open"]
[Site "Forchheim GER"]
[Date "2010.10.03"]
[Round "4"]
[White "Pfadenhauer,J"]
[Black "Klek,H"]
[Result "0-1"]
[WhiteElo "1764"]
[BlackElo "2169"]

1.d4 g6 2.Nc3 Bg7 3.e4 a6 4.a4 b6 5.Be2 Bb7 6.Be3 d6 7.Qd2 Nd7 8.f3 Rc8 9.h4 h5
10.Nh3 c5 11.d5 Ngf6 12.Nf2 Ne5 13.g4 hxg4 14.f4 Nf3+ 15.Bxf3 gxf3 16.O-O-O b5
17.f5 gxf5 18.Rdg1 Bf8 19.Bg5 b4 20.Ncd1 Qd7 21.Bxf6 exf6 22.exf5 Bh6 23.Qxh6 Rxh6
24.Rg8+ Ke7 25.Re1+ Qe6 26.Rxe6+ fxe6 27.Rg7+ Kd8 28.Rxb7 exf5 29.Ne3 Rxh4
30.Nxf5 Rh5 31.Nxd6 Rc7 32.Rxc7 Kxc7 33.Ne8+ Kd8 34.Nxf6 Rf5 35.N2e4 Rxf6
36.Nf2 Rf5 37.Kd2 Rxd5+ 38.Ke3 Rf5 39.Ne4 Kc7 40.Kf2 Kc6 41.Nd2 Kd5 42.Nf1 Kd4
43.Nh2 c4 44.Ng4 b3 45.Ne3 Re5 46.c3+ Kd3 47.Ng4 Re2+  0-1

[Event "Schachbundesliga 2010-11"]
[Site "Aue GER"]
[Date "2010.10.10"]
[Round "2"]
[White "Berelowitsch,A"]
[Black "Renner,Christo"]
[Result "1-0"]
[WhiteElo "2574"]
[BlackElo "2420"]

1.e4 g6 2.d4 Bg7 3.Nc3 a6 4.f4 b5 5.Nf3 d6 6.Bd3 Bb7 7.O-O c5 8.dxc5 dxc5
9.e5 c4 10.Be4 Qb6+ 11.Qd4 Qxd4+ 12.Nxd4 Bxe4 13.Nxe4 Nh6 14.h3 Nd7 15.Be3 Nf5
16.Nxf5 gxf5 17.Ng3 e6 18.Nh5 Bf8 19.Rfd1 O-O-O 20.a4 Bc5 21.Kf2 Bxe3+ 22.Kxe3 Nb6
23.axb5 Nd5+ 24.Kf3 axb5 25.Nf6 Nxf6 26.Rxd8+ Rxd8 27.Ra8+ Kc7 28.Rxd8 Kxd8
29.exf6 Kd7 30.Kg3 Kd6 31.Kh4 e5 32.fxe5+ Kxe5 33.Kg5 f4 34.h4 b4 35.Kh6 Kxf6
36.Kxh7 Kf5 37.h5 Kg4 38.h6 Kg3 39.Kg8 Kxg2 40.h7 f3 41.h8=Q f2 42.Qg7+  1-0

[Event "32nd Open"]
[Site "Arco ITA"]
[Date "2010.10.20"]
[Round "5"]
[White "Trois,F"]
[Black "Bove,A"]
[Result "1/2-1/2"]
[WhiteElo "2309"]
[BlackElo "2397"]

1.d4 g6 2.e4 Bg7 3.Nc3 c5 4.d5 d6 5.Nf3 Nf6 6.Bb5+ Nbd7 7.a4 O-O 8.O-O a6
9.Be2 Rb8 10.Re1 Ne8 11.a5 Nc7 12.Nd2 Nf6 13.Na4 e6 14.c4 exd5 15.exd5 Bf5
16.Nf1 Re8 17.Ng3 Bd7 18.Nb6 h5 19.Bg5 Na8 20.Nxa8 Rxa8 21.Qd2 Qc7 22.Bd3 Rxe1+
23.Rxe1 Re8 24.Rxe8+ Bxe8 25.Qe1 Kf8 26.b3 Ng4 27.h3 Ne5 28.Bc2 f6 29.Bd2 Qe7
30.f4 Nd7 31.Qxe7+ Kxe7 32.Bc3 Bh6 33.Ne2 f5 34.Kf2  1/2-1/2

[Event "Unive Open"]
[Site "Hoogeveen NED"]
[Date "2010.10.30"]
[Round "9"]
[White "Warmelink,E"]
[Black "Slingerland,C"]
[Result "1-0"]
[WhiteElo "1977"]
[BlackElo "2081"]

1.e4 g6 2.d4 Bg7 3.Nc3 d5 4.exd5 Nf6 5.Nf3 O-O 6.Be2 Nbd7 7.O-O Nb6 8.Be3 Nbxd5
9.Nxd5 Nxd5 10.c3 c6 11.Qd2 Re8 12.Bh6 Bf6 13.c4 Nb6 14.Rad1 Bg4 15.b3 Qd7
16.h3 Bf5 17.Qf4 Qd6 18.Ne5 c5 19.dxc5 Qxc5 20.Ng4 Bxg4 21.Bxg4 a5 22.Bf3 Qc8
23.Qe4 Rb8 24.Be3 Nd7 25.Ba7 Ra8 26.Qxb7 Qxb7 27.Bxb7 Rxa7 28.Rxd7 a4 29.Bc6 Ra5
30.Bxa4 Rc8 31.Rfd1 Kg7 32.R7d5 Ra6 33.Rc1 e6 34.Rd7 Ra5 35.Rb7 Bd4 36.Bd7 Rf8
37.a4 Kf6 38.b4 Re5 39.Rc2 h5 40.g3 h4 41.g4 Kg5 42.Rb5 Rd8 43.Rxe5+ Bxe5
44.Bc6 f5 45.gxf5 gxf5 46.a5 Bd4 47.c5 Kf4 48.a6 Rg8+ 49.Kf1 Rg7 50.Bb7 e5
51.a7 Rxb7 52.a8=Q Rxb4 53.Kg2 e4 54.c6 Rb6 55.Qd8  1-0

[Event "VII Open"]
[Site "Figueira da Foz POR"]
[Date "2010.10.31"]
[Round "1.12"]
[White "Pinto,PedroM"]
[Black "Vassallo Barroche,M"]
[Result "0-1"]
[WhiteElo "1892"]
[BlackElo "2422"]

1.e4 g6 2.d4 Bg7 3.Nc3 a6 4.Be3 d6 5.Be2 Nd7 6.Nf3 b5 7.a3 Bb7 8.O-O Ngf6
9.e5 Nd5 10.e6 fxe6 11.Ng5 Nf8 12.Qd3 Qd7 13.Bg4 Nxc3 14.bxc3 Bd5 15.a4 h6
16.Nxe6 Bxe6 17.Qe4 Rb8 18.Bxe6 Qxe6 19.Qc6+ Qd7 20.Qxa6 bxa4 21.Rxa4 Nh7
22.Qc4 Qb5 23.Qxc7 Qxa4 24.Qxb8+ Kf7 25.Qb3+ Qxb3 26.cxb3 Rb8 27.Rb1 Nf6
28.Kf1 Nd5 29.Bd2 e5 30.dxe5 Bxe5 31.c4 Nb6 32.Re1 Nd7 33.b4 h5 34.c5 dxc5
35.bxc5 Rc8 36.Bb4 Bf6 37.g4 hxg4 38.Kg2 Ne5 39.Kg3 Rh8 40.Re3 Rh3+ 41.Kg2 Rxe3
42.fxe3 Nc6 43.Ba3 Be5 44.Bc1 Ke6 45.e4 Nd4 46.Be3 Nf3 47.h3 Nh4+ 48.Kh1 gxh3
49.Bg5 Nf3 50.Bd8 Nd2 51.c6 Nxe4 52.c7 Kd7  0-1